000 00334nam a2200133Ia 4500
008 100328s9999 xx 000 0 und d
082 _b14313
100 _aभावे पु.भा.
245 _aस्मरणी
260 _bनवनाथ
630 _aस्मरणी
730 _aस्मरणी
942 _cBOOK
999 _c509298
_d509295